[Event "PMPJ 2022 - C15"]
[Site "Jastrzebia Gora"]
[Date "2022.11.12"]
[Round "5.6"]
[White "Sniadecki, Oskar"]
[Black "Duda, Szymon"]
[Result "0-1"]
[BlackElo "1697"]
[WhiteElo "1615"]
[LiveChessVersion "1.4.4"]

1. d4 {[%clk 1:30:58]} Nf6 {[%clk 1:30:36]} 2. c4 {[%clk 1:31:21]} g6
{[%clk 1:30:47]} 3. Nc3 {[%clk 1:31:46]} Bg7 {[%clk 1:31:10]} 4. e4
{[%clk 1:32:10]} d6 {[%clk 1:31:35]} 5. f3 {[%clk 1:32:36]} O-O {[%clk 1:31:32]}
6. Be3 {[%clk 1:33:00]} e5 {[%clk 1:30:36]} 7. d5 {[%clk 1:32:13]} c6
{[%clk 1:28:43]} 8. Qd2 {[%clk 1:29:15]} cxd5 {[%clk 1:25:18]} 9. cxd5
{[%clk 1:29:09]} a6 {[%clk 1:24:34]} 10. Bd3 {[%clk 1:28:03]} Nbd7
{[%clk 1:24:11]} 11. Nh3 {[%clk 1:26:23]} b5 {[%clk 1:17:11]} 12. a3
{[%clk 1:21:22]} Nc5 {[%clk 1:09:45]} 13. Bxc5 {[%clk 1:08:31]} dxc5
{[%clk 1:08:41]} 14. Nf2 {[%clk 1:08:56]} c4 {[%clk 1:06:26]} 15. Be2
{[%clk 1:08:27]} Qb6 {[%clk 0:51:51]} 16. O-O {[%clk 1:05:10]} Rd8
{[%clk 0:50:27]} 17. Kh1 {[%clk 1:00:57]} Bb7 {[%clk 0:48:21]} 18. b3
{[%clk 0:57:35]} cxb3 {[%clk 0:31:06]} 19. Nd3 {[%clk 0:51:53]} Rac8
{[%clk 0:26:14]} 20. Rab1 {[%clk 0:51:03]} Qa5 {[%clk 0:22:31]} 21. Rxb3
{[%clk 0:47:13]} Nxd5 {[%clk 0:14:16]} 22. exd5 {[%clk 0:44:58]} Bxd5
{[%clk 0:14:33]} 23. Rb4 {[%clk 0:44:44]} Bc4 {[%clk 0:14:19]} 24. Nb1
{[%clk 0:37:45]} Bf8 {[%clk 0:05:03]} 25. Rb2 {[%clk 0:37:43]} Qxd2
{[%clk 0:04:47]} 26. Rxd2 {[%clk 0:38:00]} Bh6 {[%clk 0:02:36]} 27. Rc2
{[%clk 0:37:31]} Bxd3 {[%clk 0:00:35]} 28. Rxc8 {[%clk 0:37:33]} Rxc8
{[%clk 0:01:00]} 29. Bxd3 {[%clk 0:37:58]} f5 {[%clk 0:00:49]} 30. Re1
{[%clk 0:37:00]} Kf7 {[%clk 0:00:46]} 31. Kg1 {[%clk 0:36:47]} Ke6
{[%clk 0:00:40]} 32. Kf2 {[%clk 0:37:00]} Kd5 {[%clk 0:00:33]} 33. Rd1
{[%clk 0:36:33]} Kc5 {[%clk 0:00:32]} 34. Nc3 {[%clk 0:34:57]} Rd8
{[%clk 0:00:33]} 35. Ke2 {[%clk 0:33:59]} Kb6 {[%clk 0:00:32]} 36. Rb1
{[%clk 0:32:56]} Ka5 {[%clk 0:00:32]} 37. Ra1 {[%clk 0:26:37]} Rc8
{[%clk 0:00:32]} 38. Na2 {[%clk 0:25:04]} Bf8 {[%clk 0:00:34]} 39. Nc1
{[%clk 0:25:27]} Rc3 {[%clk 0:00:31]} 40. a4 {[%clk 0:24:58]} b4 {[%clk 0:00:32]}
41. Kd2 {[%clk 0:24:08]} Bh6+ {[%clk 0:00:45]} 42. Ke2 {[%clk 0:18:13]} Bxc1
{[%clk 0:01:04]} 43. g4 {[%clk 0:18:02]} f4 {[%clk 0:00:38]} 44. Rb1
{[%clk 0:17:38]} b3 {[%clk 0:00:35]} 45. h4 {[%clk 0:17:39]} b2 {[%clk 0:00:51]}
46. g5 {[%clk 0:17:36]} Rc6 {[%clk 0:00:40]} 47. Be4 {[%clk 0:18:01]} Rd6
{[%clk 0:01:00]} 48. h5 {[%clk 0:17:40]} Kxa4 {[%clk 0:01:23]} 49. h6
{[%clk 0:18:07]} Kb4 {[%clk 0:01:36]} 50. Ke1 {[%clk 0:16:21]} a5
{[%clk 0:01:57]} 51. Bc2 {[%clk 0:16:36]} a4 {[%clk 0:02:20]} 52. Bxa4
{[%clk 0:16:36]} Kxa4 {[%clk 0:02:46]} 0-1

[Event "PMPJ 2022 - C15"]
[Site "Jastrzebia Gora"]
[Date "2022.11.12"]
[Round "5.7"]
[White "Zieba, Hubert"]
[Black "Sliz, Karol"]
[Result "1/2-1/2"]
[BlackElo "1678"]
[WhiteElo "1453"]
[LiveChessVersion "1.4.4"]

1. c4 {[%clk 1:30:58]} Nf6 {[%clk 1:30:59]} 2. Nf3 {[%clk 1:31:21]} e6
{[%clk 1:31:25]} 3. Nc3 {[%clk 1:31:42]} Bb4 {[%clk 1:31:53]} 4. d4
{[%clk 1:31:58]} Bxc3+ {[%clk 1:32:08]} 5. bxc3 {[%clk 1:32:22]} b6
{[%clk 1:32:31]} 6. Bg5 {[%clk 1:32:36]} Bb7 {[%clk 1:32:41]} 7. e3
{[%clk 1:32:58]} O-O {[%clk 1:32:08]} 8. Bd3 {[%clk 1:33:17]} h6 {[%clk 1:32:30]}
9. Bh4 {[%clk 1:33:39]} d6 {[%clk 1:31:41]} 10. O-O {[%clk 1:33:33]} Nbd7
{[%clk 1:31:48]} 11. Qc2 {[%clk 1:32:16]} Re8 {[%clk 1:31:39]} 12. e4
{[%clk 1:30:49]} e5 {[%clk 1:31:04]} 13. Rfe1 {[%clk 1:29:59]} Qe7
{[%clk 1:26:36]} 14. h3 {[%clk 1:27:55]} Nf8 {[%clk 1:22:59]} 15. Rab1
{[%clk 1:24:49]} g5 {[%clk 1:15:46]} 16. Bg3 {[%clk 1:25:09]} Ng6
{[%clk 1:15:26]} 17. Nd2 {[%clk 1:20:51]} Bc6 {[%clk 1:13:19]} 18. Nf1
{[%clk 1:19:24]} Nh5 {[%clk 1:09:04]} 19. Ne3 {[%clk 1:15:15]} Nhf4
{[%clk 1:07:23]} 20. Nf5 {[%clk 1:13:03]} Qf8 {[%clk 1:07:24]} 21. Qd1
{[%clk 1:03:52]} Bd7 {[%clk 0:59:21]} 22. Bxf4 {[%clk 1:04:02]} Nxf4
{[%clk 0:58:44]} 23. g3 {[%clk 1:03:34]} Ng6 {[%clk 0:49:27]} 24. Qh5
{[%clk 1:03:23]} Kh7 {[%clk 0:49:17]} 25. Kg2 {[%clk 1:02:17]} f6
{[%clk 0:48:20]} 26. Bc2 {[%clk 0:53:09]} Bxf5 {[%clk 0:45:19]} 27. exf5
{[%clk 0:53:33]} Nh8 {[%clk 0:43:12]} 28. Be4 {[%clk 0:53:03]} Rad8
{[%clk 0:42:02]} 29. Bd5 {[%clk 0:52:33]} Re7 {[%clk 0:41:01]} 30. Be6
{[%clk 0:50:19]} Qe8 {[%clk 0:39:42]} 31. Qg4 {[%clk 0:49:27]} Qc6+
{[%clk 0:38:48]} 32. d5 {[%clk 0:49:26]} Qe8 {[%clk 0:38:35]} 33. Qe4
{[%clk 0:48:17]} Qh5 {[%clk 0:37:10]} 34. Qg4 {[%clk 0:40:49]} Qe8
{[%clk 0:37:03]} 35. h4 h5 1/2-1/2

[Event "PMPJ 2022 - C15"]
[Site "Jastrzebia Gora"]
[Date "2022.11.12"]
[Round "5.8"]
[White "Krol, Jan"]
[Black "Krasniewski, Maciej"]
[Result "1-0"]
[BlackElo "1619"]
[WhiteElo "1804"]
[LiveChessVersion "1.4.4"]

1. e4 {[%clk 1:30:53]} c5 {[%clk 1:30:57]} 2. Nf3 {[%clk 1:31:02]} e6
{[%clk 1:31:22]} 3. d4 {[%clk 1:31:29]} cxd4 {[%clk 1:31:45]} 4. Nxd4
{[%clk 1:31:52]} Nc6 {[%clk 1:32:09]} 5. Nb5 {[%clk 1:32:18]} d6 {[%clk 1:32:30]}
6. c4 {[%clk 1:32:46]} a6 {[%clk 1:32:50]} 7. N5c3 {[%clk 1:33:10]} Nf6
{[%clk 1:33:07]} 8. Be2 {[%clk 1:33:30]} Qc7 {[%clk 1:33:22]} 9. Be3
{[%clk 1:33:46]} Be7 {[%clk 1:33:40]} 10. O-O {[%clk 1:34:07]} O-O
{[%clk 1:33:56]} 11. Na3 {[%clk 1:34:35]} b6 {[%clk 1:24:38]} 12. f4
{[%clk 1:33:52]} Bb7 {[%clk 1:14:10]} 13. Rc1 {[%clk 1:29:29]} Nd7
{[%clk 1:00:21]} 14. Nab1 {[%clk 1:28:38]} Rac8 {[%clk 0:58:06]} 15. b3
{[%clk 1:28:51]} Ncb8 {[%clk 0:44:42]} 16. Bf3 {[%clk 1:28:52]} Rfd8
{[%clk 0:36:05]} 17. Qe2 {[%clk 1:28:45]} Nf8 {[%clk 0:23:42]} 18. Qf2
{[%clk 1:22:59]} Nbd7 {[%clk 0:23:47]} 19. Rfd1 {[%clk 1:08:52]} Bc6
{[%clk 0:19:48]} 20. Nd5 {[%clk 1:02:12]} Bxd5 {[%clk 0:19:11]} 21. cxd5
{[%clk 1:01:18]} Qb8 {[%clk 0:19:28]} 22. Rc6 {[%clk 1:00:42]} Nc5
{[%clk 0:15:46]} 23. b4 {[%clk 1:00:09]} Na4 {[%clk 0:12:58]} 24. Qc2
{[%clk 0:55:35]} b5 {[%clk 0:13:03]} 25. Rc1 {[%clk 0:46:12]} Rxc6
{[%clk 0:13:09]} 26. Qxc6 {[%clk 0:46:06]} exd5 {[%clk 0:12:58]} 27. exd5
{[%clk 0:43:34]} Qa8 {[%clk 0:13:19]} 28. Bg4 {[%clk 0:39:38]} g6
{[%clk 0:11:52]} 29. Qxa8 {[%clk 0:39:44]} Rxa8 {[%clk 0:12:17]} 30. Rc8
{[%clk 0:40:07]} Rxc8 {[%clk 0:12:29]} 31. Bxc8 {[%clk 0:40:35]} Bf6
{[%clk 0:12:41]} 32. Bxa6 {[%clk 0:40:21]} Nc3 {[%clk 0:13:05]} 33. Nxc3
{[%clk 0:40:22]} Bxc3 {[%clk 0:13:33]} 34. a3 {[%clk 0:40:44]} Bb2
{[%clk 0:13:54]} 35. Bxb5 {[%clk 0:41:08]} Bxa3 {[%clk 0:14:19]} 36. Bd2
{[%clk 0:41:36]} Bb2 {[%clk 0:14:38]} 37. Kf2 {[%clk 0:41:40]} Bd4+
{[%clk 0:15:02]} 38. Ke2 {[%clk 0:41:54]} f5 {[%clk 0:14:53]} 39. Kd3
{[%clk 0:42:21]} Bg1 {[%clk 0:15:09]} 40. h3 {[%clk 0:42:25]} Kf7
{[%clk 0:15:34]} 41. Bc6 {[%clk 0:40:34]} Ke7 {[%clk 0:15:57]} 42. Kc4
{[%clk 0:39:01]} Nd7 {[%clk 0:15:38]} 43. Bxd7 {[%clk 0:38:51]} Kxd7
{[%clk 0:15:30]} 44. Kb5 {[%clk 0:39:17]} h6 {[%clk 0:13:37]} 45. Ka6
{[%clk 0:39:02]} Kc7 {[%clk 0:13:46]} 46. b5 {[%clk 0:39:22]} Bb6
{[%clk 0:07:41]} 47. Bb4 {[%clk 0:39:46]} Be3 {[%clk 0:07:58]} 48. Ba5+
{[%clk 0:40:03]} Kb8 {[%clk 0:08:24]} 49. b6 {[%clk 0:39:30]} Bxf4
{[%clk 0:08:32]} 50. b7 {[%clk 0:39:52]} Be3 {[%clk 0:08:59]} 51. Bb6
{[%clk 0:40:09]} f4 {[%clk 0:09:24]} 52. Bd8 {[%clk 0:39:05]} g5 {[%clk 0:09:20]}
53. Be7 {[%clk 0:38:22]} Bc5 {[%clk 0:09:25]} 54. Bf8 {[%clk 0:38:40]} h5
{[%clk 0:09:48]} 55. Bh6 {[%clk 0:38:53]} g4 {[%clk 0:06:20]} 56. Bxf4
{[%clk 0:39:07]} gxh3 {[%clk 0:06:47]} 57. gxh3 {[%clk 0:39:31]} h4
{[%clk 0:07:13]} 58. Bg5 {[%clk 0:39:19]} Bf2 {[%clk 0:07:37]} 59. Be7
{[%clk 0:39:42]} Bc5 {[%clk 0:03:04]} 60. Bxh4 {[%clk 0:40:05]} Bb6
{[%clk 0:01:57]} 61. Be7 {[%clk 0:39:53]} 1-0

[Event "PMPJ 2022 - C15"]
[Site "Jastrzebia Gora"]
[Date "2022.11.12"]
[Round "5.9"]
[White "Wierzbicki, Dawid"]
[Black "Nagly, Wojciech"]
[Result "1-0"]
[BlackElo "1559"]
[WhiteElo "1732"]
[LiveChessVersion "1.4.4"]

1. c4 {[%clk 1:30:56]} e6 {[%clk 1:29:54]} 2. e3 {[%clk 1:30:37]} d5
{[%clk 1:30:14]} 3. cxd5 {[%clk 1:31:00]} exd5 {[%clk 1:30:35]} 4. Nf3
{[%clk 1:30:33]} Nf6 {[%clk 1:30:52]} 5. b3 {[%clk 1:30:31]} c5 {[%clk 1:30:52]}
6. Bb2 {[%clk 1:30:55]} Nc6 {[%clk 1:31:05]} 7. Bb5 {[%clk 1:20:03]} Be7
{[%clk 1:29:53]} 8. O-O {[%clk 1:15:23]} O-O {[%clk 1:29:48]} 9. d4
{[%clk 1:15:41]} a6 {[%clk 1:28:14]} 10. Be2 {[%clk 1:14:11]} Be6
{[%clk 1:23:11]} 11. dxc5 {[%clk 1:11:38]} Bxc5 {[%clk 1:23:27]} 12. Na3 Ne4
{[%clk 1:23:16]} 13. Nc2 {[%clk 1:11:39]} Rc8 {[%clk 1:22:21]} 14. Rc1
{[%clk 1:11:00]} Qe7 {[%clk 1:15:55]} 15. Ncd4 {[%clk 1:08:29]} Bxd4
{[%clk 1:15:16]} 16. Nxd4 {[%clk 1:08:22]} Nxd4 {[%clk 1:14:09]} 17. Qxd4
{[%clk 1:06:26]} Qg5 {[%clk 1:11:51]} 18. f4 {[%clk 1:03:48]} Qh6
{[%clk 1:12:11]} 19. f5 {[%clk 1:00:10]} Bd7 {[%clk 1:12:29]} 20. Bd3
{[%clk 1:00:06]} Nf6 {[%clk 1:11:39]} 21. Rxc8 {[%clk 0:59:33]} Rxc8
{[%clk 1:11:44]} 22. Rf3 {[%clk 0:59:50]} Kh8 {[%clk 1:08:35]} 23. Rh3
{[%clk 0:56:50]} Qg5 {[%clk 1:08:50]} 24. Rg3 {[%clk 0:57:02]} Qh6
{[%clk 1:08:25]} 25. Qe5 {[%clk 0:51:24]} Re8 {[%clk 1:01:44]} 26. Qc7
{[%clk 0:47:18]} Rxe3 {[%clk 0:55:27]} 27. Qc1 {[%clk 0:44:47]} Rxg3
{[%clk 0:50:28]} 28. Qxh6 {[%clk 0:44:24]} gxh6 {[%clk 0:50:57]} 29. hxg3
{[%clk 0:44:45]} Kg7 {[%clk 0:51:21]} 30. g4 {[%clk 0:44:58]} b5 {[%clk 0:49:56]}
31. b4 {[%clk 0:45:22]} Bc6 {[%clk 0:50:05]} 32. Bd4 {[%clk 0:45:25]} Bd7
{[%clk 0:50:13]} 33. Kf2 {[%clk 0:45:48]} Bc6 {[%clk 0:50:39]} 34. Kg3 Bd7
{[%clk 0:50:55]} 35. Kf4 {[%clk 0:46:24]} Bc6 {[%clk 0:50:53]} 36. g5
{[%clk 0:46:22]} hxg5+ 37. Kxg5 h6+ {[%clk 0:51:04]} 38. Kf4 {[%clk 0:46:49]} Bd7
{[%clk 0:50:44]} 39. g4 {[%clk 0:47:10]} Bc8 {[%clk 0:51:04]} 40. a3
{[%clk 0:47:35]} Bd7 {[%clk 0:51:04]} 41. g5 {[%clk 0:47:56]} hxg5+
{[%clk 0:51:27]} 42. Kxg5 {[%clk 0:48:20]} Kf8 {[%clk 0:51:36]} 43. Kxf6
{[%clk 0:48:35]} Bc6 {[%clk 0:50:52]} 44. Be2 {[%clk 0:48:50]} Bd7
{[%clk 0:50:35]} 45. Bh5 {[%clk 0:49:01]} Bc8 {[%clk 0:49:41]} 46. Bc5+
{[%clk 0:49:26]} Ke8 {[%clk 0:50:00]} 47. Bxf7+ {[%clk 0:49:49]} Kd8
{[%clk 0:50:27]} 48. Bb6+ {[%clk 0:49:54]} Kd7 {[%clk 0:50:50]} 49. Be6+
{[%clk 0:50:12]} Kc6 {[%clk 0:51:11]} 50. Bxc8 {[%clk 0:50:32]} Kxb6
{[%clk 0:51:40]} 51. Ke5 {[%clk 0:50:53]} a5 {[%clk 0:52:01]} 52. Kxd5
{[%clk 0:50:50]} axb4 {[%clk 0:52:25]} 53. axb4 {[%clk 0:51:16]} Ka7
{[%clk 0:52:50]} 54. f6 {[%clk 0:51:40]} Kb6 {[%clk 0:53:15]} 55. f7
{[%clk 0:51:59]} Kc7 {[%clk 0:53:38]} 56. f8=Q {[%clk 0:51:49]} Kb8
{[%clk 0:54:02]} 57. Ba6+ {[%clk 0:52:06]} Ka7 {[%clk 0:54:26]} 58. Qc8
{[%clk 0:52:21]} Kb6 {[%clk 0:54:51]} 59. Qb7# {[%clk 0:52:43]} 1-0

[Event "PMPJ 2022 - C15"]
[Site "Jastrzebia Gora"]
[Date "2022.11.12"]
[Round "5.10"]
[White "Grzadka, Artur"]
[Black "Wandor, Adam"]
[Result "0-1"]
[BlackElo "1585"]
[WhiteElo "1687"]
[LiveChessVersion "1.4.4"]

1. c4 {[%clk 1:30:58]} e5 {[%clk 1:30:55]} 2. Nc3 {[%clk 1:31:21]} Nf6
{[%clk 1:31:19]} 3. g3 {[%clk 1:31:22]} Bb4 {[%clk 1:31:36]} 4. Bg2
{[%clk 1:31:27]} O-O {[%clk 1:31:50]} 5. Nf3 {[%clk 1:31:14]} Nc6
{[%clk 1:30:01]} 6. O-O {[%clk 1:30:24]} Bxc3 {[%clk 1:28:57]} 7. bxc3
{[%clk 1:14:31]} d5 {[%clk 1:27:44]} 8. cxd5 {[%clk 1:13:37]} Nxd5
{[%clk 1:27:40]} 9. e4 {[%clk 0:59:15]} Nf6 {[%clk 1:26:42]} 10. d3
{[%clk 0:57:39]} Qd6 {[%clk 1:21:45]} 11. Qe2 {[%clk 0:49:28]} Re8
{[%clk 1:18:11]} 12. Rd1 {[%clk 0:47:52]} Bg4 {[%clk 1:13:08]} 13. Be3
{[%clk 0:45:57]} Qe6 {[%clk 1:08:18]} 14. Qf1 {[%clk 0:35:28]} h6
{[%clk 0:57:31]} 15. h3 {[%clk 0:35:28]} Bh5 {[%clk 0:55:04]} 16. g4
{[%clk 0:33:40]} Nxg4 {[%clk 0:50:52]} 17. hxg4 {[%clk 0:33:53]} Bxg4
{[%clk 0:50:25]} 18. Rd2 {[%clk 0:33:19]} f5 {[%clk 0:37:30]} 19. Nh2
{[%clk 0:23:35]} f4 {[%clk 0:36:45]} 20. Nxg4 {[%clk 0:23:57]} Qxg4
{[%clk 0:36:12]} 21. f3 {[%clk 0:24:16]} Qh5 {[%clk 0:30:50]} 22. Bc5
{[%clk 0:22:08]} Re6 {[%clk 0:20:06]} 23. Bh3 {[%clk 0:19:07]} Rg6+
{[%clk 0:19:21]} 24. Rg2 {[%clk 0:18:41]} b6 25. Ba3 {[%clk 0:17:29]} Rd8
{[%clk 0:15:08]} 26. Rd1 {[%clk 0:16:54]} Kh8 {[%clk 0:07:29]} 27. Bg4
{[%clk 0:15:34]} Qh4 {[%clk 0:07:05]} 28. Bf5 {[%clk 0:15:29]} Rg3
{[%clk 0:06:15]} 29. Bc1 {[%clk 0:10:46]} g6 {[%clk 0:04:29]} 30. Be6
{[%clk 0:09:35]} Rd6 {[%clk 0:04:28]} 31. Bb3 {[%clk 0:09:15]} Rh3
{[%clk 0:04:35]} 0-1

[Event "PMPJ 2022 - C15"]
[Site "Jastrzebia Gora"]
[Date "2022.11.12"]
[Round "5.11"]
[White "Klisowski, Bartosz"]
[Black "Spytek, Hubert"]
[Result "1-0"]
[BlackElo "1416"]
[WhiteElo "1634"]
[LiveChessVersion "1.4.4"]

1. d4 {[%clk 1:30:51]} Nf6 {[%clk 1:30:59]} 2. c4 {[%clk 1:31:13]} g6
{[%clk 1:31:27]} 3. Nf3 {[%clk 1:31:34]} Bg7 {[%clk 1:31:50]} 4. Nc3
{[%clk 1:31:40]} d5 {[%clk 1:32:14]} 5. Qb3 {[%clk 1:32:07]} dxc4
{[%clk 1:31:48]} 6. Qxc4 {[%clk 1:32:27]} O-O {[%clk 1:32:12]} 7. e4
{[%clk 1:32:55]} Nbd7 {[%clk 1:28:28]} 8. Be2 {[%clk 1:31:38]} c6
{[%clk 1:25:55]} 9. O-O {[%clk 1:29:17]} Nb6 {[%clk 1:20:40]} 10. Qb3
{[%clk 1:26:20]} Be6 {[%clk 1:19:16]} 11. Qc2 {[%clk 1:25:27]} Bc4
{[%clk 1:18:09]} 12. h3 {[%clk 1:21:03]} Bxe2 {[%clk 1:16:06]} 13. Qxe2
{[%clk 1:20:57]} Qc7 {[%clk 1:15:38]} 14. Be3 {[%clk 1:18:52]} Rad8
{[%clk 1:13:55]} 15. Rfd1 {[%clk 1:17:29]} e6 {[%clk 1:09:43]} 16. Rac1
{[%clk 1:13:29]} a6 {[%clk 1:04:10]} 17. a4 {[%clk 1:09:51]} Nbd7
{[%clk 0:55:09]} 18. Bg5 {[%clk 1:03:37]} e5 {[%clk 0:30:00]} 19. d5
{[%clk 0:59:09]} c5 {[%clk 0:21:31]} 20. Nd2 {[%clk 0:52:14]} h6 {[%clk 0:18:14]}
21. Bh4 {[%clk 0:51:50]} g5 {[%clk 0:18:16]} 22. Bg3 {[%clk 0:52:10]} Ne8
{[%clk 0:17:36]} 23. Nc4 {[%clk 0:49:48]} Nd6 {[%clk 0:17:13]} 24. b3
{[%clk 0:44:10]} Rfe8 {[%clk 0:16:22]} 25. Nb1 {[%clk 0:41:14]} Nb6
{[%clk 0:15:21]} 26. Nbd2 {[%clk 0:40:01]} Nbc8 {[%clk 0:15:28]} 27. a5
{[%clk 0:38:11]} Nb5 {[%clk 0:13:00]} 28. f3 {[%clk 0:35:06]} Nd4
{[%clk 0:11:57]} 29. Qd3 {[%clk 0:35:35]} f6 {[%clk 0:11:12]} 30. Bf2
{[%clk 0:34:41]} Na7 {[%clk 0:09:20]} 31. Nb6 {[%clk 0:32:54]} Qf7
{[%clk 0:03:38]} 32. Rxc5 {[%clk 0:30:57]} Nab5 {[%clk 0:03:39]} 33. b4
{[%clk 0:30:18]} Bf8 {[%clk 0:04:01]} 34. Rc4 {[%clk 0:30:47]} Nd6
{[%clk 0:03:03]} 35. Rcc1 {[%clk 0:26:52]} N6b5 {[%clk 0:03:12]} 36. Rb1
{[%clk 0:25:40]} Bd6 {[%clk 0:03:09]} 37. Nb3 {[%clk 0:23:49]} Nxb3
{[%clk 0:02:29]} 38. Rxb3 {[%clk 0:23:44]} Re7 {[%clk 0:02:41]} 39. Nc4
{[%clk 0:21:51]} Red7 {[%clk 0:02:46]} 40. Rbb1 {[%clk 0:21:37]} Be7
{[%clk 0:02:21]} 41. Rdc1 {[%clk 0:21:08]} Qf8 {[%clk 0:02:31]} 42. Nb6
{[%clk 0:21:02]} Rc7 {[%clk 0:02:18]} 43. Rxc7 {[%clk 0:21:08]} Nxc7
{[%clk 0:02:45]} 44. Qc4 {[%clk 0:19:55]} Nb5 {[%clk 0:02:53]} 45. d6+
{[%clk 0:19:24]} Kg7 {[%clk 0:02:40]} 46. dxe7 {[%clk 0:19:47]} Qxe7
{[%clk 0:03:05]} 47. Nd5 {[%clk 0:19:25]} Qd6 {[%clk 0:03:10]} 48. Qc5
{[%clk 0:19:04]} Qd7 {[%clk 0:03:28]} 49. Qe7+ {[%clk 0:19:24]} Qxe7
{[%clk 0:03:44]} 50. Nxe7 {[%clk 0:19:51]} Rd7 {[%clk 0:04:04]} 51. Nd5
{[%clk 0:20:15]} Nc7 {[%clk 0:04:23]} 52. Nxc7 {[%clk 0:20:40]} Rxc7
{[%clk 0:04:52]} 53. Rd1 {[%clk 0:20:54]} Kf7 {[%clk 0:05:11]} 54. Bc5
{[%clk 0:21:18]} Ke6 {[%clk 0:05:16]} 55. Kf2 {[%clk 0:21:30]} h5
{[%clk 0:05:30]} 56. Ke3 {[%clk 0:21:22]} h4 {[%clk 0:05:54]} 57. Rd6+
{[%clk 0:21:46]} Ke7 {[%clk 0:05:40]} 58. Rc6+ {[%clk 0:21:42]} Kd7
{[%clk 0:06:05]} 59. Rxc7+ {[%clk 0:22:07]} Kxc7 {[%clk 0:06:33]} 60. Be7
{[%clk 0:22:31]} 1-0

[Event "PMPJ 2022 - C15"]
[Site "Jastrzebia Gora"]
[Date "2022.11.12"]
[Round "5.12"]
[White "Marek, Grzegorz"]
[Black "Trochimczuk, Szymon"]
[Result "1/2-1/2"]
[BlackElo "1630"]
[WhiteElo "1614"]
[LiveChessVersion "1.4.4"]

1. b3 {[%clk 1:30:57]} e5 {[%clk 1:30:55]} 2. Bb2 {[%clk 1:31:20]} Nc6
{[%clk 1:31:18]} 3. e3 {[%clk 1:31:42]} g6 {[%clk 1:31:38]} 4. d4
{[%clk 1:21:29]} exd4 {[%clk 1:31:41]} 5. exd4 {[%clk 1:21:27]} Bg7
{[%clk 1:31:35]} 6. Nf3 {[%clk 1:18:35]} Nge7 {[%clk 1:31:39]} 7. Be2
{[%clk 1:13:18]} d5 {[%clk 1:31:40]} 8. h3 {[%clk 1:11:33]} O-O {[%clk 1:31:40]}
9. O-O {[%clk 1:10:36]} Nf5 {[%clk 1:29:12]} 10. c3 {[%clk 1:06:56]} Re8
{[%clk 1:24:40]} 11. Bb5 {[%clk 0:48:11]} Bd7 {[%clk 1:21:16]} 12. Ba3
{[%clk 0:48:03]} a6 {[%clk 1:17:20]} 13. Bxc6 {[%clk 0:36:35]} Bxc6
{[%clk 1:17:22]} 14. Re1 {[%clk 0:32:34]} f6 {[%clk 1:13:50]} 15. Nbd2
{[%clk 0:30:32]} Qd7 {[%clk 1:12:27]} 16. Nf1 {[%clk 0:24:31]} b6
{[%clk 1:08:46]} 17. Qc2 {[%clk 0:19:07]} Bb7 {[%clk 1:08:32]} 18. Rxe8+
{[%clk 0:17:25]} Rxe8 {[%clk 1:08:54]} 19. Re1 {[%clk 0:17:47]} Rxe1
{[%clk 1:08:30]} 20. Nxe1 {[%clk 0:18:10]} Qe8 {[%clk 1:07:51]} 21. Nf3
{[%clk 0:13:44]} a5 {[%clk 1:07:06]} 22. Qd3 {[%clk 0:10:32]} Bc8
{[%clk 1:06:38]} 23. Ne3 {[%clk 0:09:38]} Nxe3 {[%clk 1:07:00]} 24. Qxe3
{[%clk 0:09:59]} Kf7 {[%clk 1:06:37]} 25. Qf4 {[%clk 0:07:45]} Qd8
{[%clk 1:04:44]} 26. Ne5+ {[%clk 0:07:33]} Ke8 {[%clk 1:00:40]} 27. Nc6
{[%clk 0:07:24]} Qd7 {[%clk 1:01:01]} 28. Ne7 {[%clk 0:04:14]} Kd8
{[%clk 0:59:24]} 29. Nxc8 {[%clk 0:04:15]} Kxc8 {[%clk 0:59:32]} 30. Qe3
{[%clk 0:02:47]} Qf7 {[%clk 0:59:25]} 31. Kf1 {[%clk 0:02:40]} Kd7
{[%clk 0:59:38]} 32. Ke2 {[%clk 0:02:46]} 1/2-1/2

[Event "PMPJ 2022 - C15"]
[Site "Jastrzebia Gora"]
[Date "2022.11.12"]
[Round "5.13"]
[White "Jankowski, Franciszek"]
[Black "Duda, Leon"]
[Result "1-0"]
[BlackElo "1621"]
[WhiteElo "1500"]
[LiveChessVersion "1.4.4"]

1. d4 {[%clk 1:30:52]} e6 {[%clk 1:30:53]} 2. c4 {[%clk 1:30:50]} Bb4+
{[%clk 1:31:18]} 3. Bd2 {[%clk 1:30:53]} Qe7 {[%clk 1:31:37]} 4. Nf3
{[%clk 1:30:32]} Nf6 {[%clk 1:32:03]} 5. a3 {[%clk 1:30:03]} Bxd2+
{[%clk 1:32:25]} 6. Qxd2 {[%clk 1:29:42]} Ne4 {[%clk 1:31:29]} 7. Qc2
{[%clk 1:29:10]} d5 {[%clk 1:31:43]} 8. Nc3 {[%clk 1:27:23]} Nxc3
{[%clk 1:30:58]} 9. bxc3 {[%clk 1:26:32]} Nd7 {[%clk 1:28:09]} 10. e3
{[%clk 1:25:12]} Nf6 {[%clk 1:21:17]} 11. Bd3 {[%clk 1:23:29]} O-O
{[%clk 1:21:21]} 12. Ne5 {[%clk 1:12:34]} b6 {[%clk 1:17:35]} 13. cxd5
{[%clk 1:08:47]} exd5 {[%clk 1:17:41]} 14. a4 {[%clk 0:57:29]} a5
{[%clk 1:16:57]} 15. Rb1 {[%clk 0:53:50]} Ba6 {[%clk 1:07:11]} 16. Bxa6
{[%clk 0:52:56]} Rxa6 {[%clk 1:07:12]} 17. O-O {[%clk 0:46:13]} c5
{[%clk 0:40:38]} 18. Rb5 {[%clk 0:38:15]} Ne4 {[%clk 0:32:10]} 19. Rfb1
{[%clk 0:34:49]} Qc7 {[%clk 0:31:28]} 20. Qb2 {[%clk 0:30:48]} Rb8
{[%clk 0:11:55]} 21. Nd3 {[%clk 0:28:22]} cxd4 {[%clk 0:10:50]} 22. cxd4
{[%clk 0:26:20]} Nc3 {[%clk 0:01:47]} 23. Nc5 {[%clk 0:18:27]} Nxb1
{[%clk 0:00:51]} 24. Nxa6 {[%clk 0:17:49]} Qc3 {[%clk 0:01:12]} 25. Qxc3
{[%clk 0:16:39]} Nxc3 {[%clk 0:01:39]} 26. Nxb8 {[%clk 0:16:36]} Nxb5
{[%clk 0:02:06]} 27. axb5 {[%clk 0:16:49]} f6 {[%clk 0:02:33]} 28. Nc6
{[%clk 0:16:15]} Kf7 {[%clk 0:02:54]} 29. Kf1 {[%clk 0:16:30]} 1-0

[Event "PMPJ 2022 - C15"]
[Site "Jastrzebia Gora"]
[Date "2022.11.12"]
[Round "5.14"]
[White "Grzebieniowski, Michal"]
[Black "Bochenek, Ryszard"]
[Result "1-0"]
[BlackElo "1437"]
[WhiteElo "1665"]
[LiveChessVersion "1.4.4"]

1. d4 {[%clk 1:30:59]} Nf6 {[%clk 1:30:52]} 2. c4 {[%clk 1:31:25]} c5
{[%clk 1:31:18]} 3. dxc5 {[%clk 1:31:48]} e6 {[%clk 1:31:44]} 4. Nc3
{[%clk 1:32:12]} Bxc5 {[%clk 1:31:48]} 5. e3 {[%clk 1:32:37]} Nc6
{[%clk 1:31:44]} 6. Nf3 {[%clk 1:33:01]} O-O {[%clk 1:31:32]} 7. Be2
{[%clk 1:33:28]} d5 {[%clk 1:31:35]} 8. cxd5 {[%clk 1:33:52]} exd5
{[%clk 1:32:01]} 9. O-O {[%clk 1:34:15]} Bg4 {[%clk 1:31:05]} 10. a3
{[%clk 1:34:15]} a6 {[%clk 1:31:22]} 11. b4 {[%clk 1:34:26]} Ba7 {[%clk 1:31:41]}
12. Bb2 {[%clk 1:34:27]} Re8 {[%clk 1:31:33]} 13. Rc1 {[%clk 1:30:08]} Qd6
{[%clk 1:28:38]} 14. Nd4 {[%clk 1:16:05]} Bxe2 {[%clk 0:52:17]} 15. Ncxe2
{[%clk 1:16:00]} Ne5 {[%clk 0:45:43]} 16. Nf5 {[%clk 1:07:39]} Qd7
{[%clk 0:40:56]} 17. Neg3 {[%clk 1:07:51]} h5 {[%clk 0:37:20]} 18. h3
{[%clk 0:58:51]} g6 {[%clk 0:29:33]} 19. f4 {[%clk 0:48:01]} Neg4
{[%clk 0:22:32]} 20. hxg4 {[%clk 0:48:17]} Nxg4 {[%clk 0:22:34]} 21. Nd4
{[%clk 0:48:23]} Nxe3 {[%clk 0:21:31]} 22. Qd3 {[%clk 0:48:23]} h4
{[%clk 0:17:41]} 23. Rf3 {[%clk 0:42:16]} Nc4 {[%clk 0:16:49]} 24. Ba1
{[%clk 0:42:40]} hxg3 {[%clk 0:16:45]} 25. Rxg3 {[%clk 0:42:59]} Re4
{[%clk 0:09:45]} 26. Kh1 {[%clk 0:40:25]} Rae8 {[%clk 0:09:28]} 27. Nf3
{[%clk 0:40:18]} b5 {[%clk 0:08:00]} 28. Rg5 {[%clk 0:27:16]} Qe7
{[%clk 0:01:33]} 29. Qxd5 {[%clk 0:25:35]} Rxf4 {[%clk 0:01:30]} 30. Rxg6+
{[%clk 0:25:50]} 1-0